000 00297nam a22001217a 4500
082 _a340.5
_bTUB
100 _aTubrazy, S.J.
245 _aCyber Jurisprudence /
_cS.J. Tubrazy
260 _aLahore:
_bManzoor Law Book House,
_c2017.
300 _a219 p.
563 _aHB.
942 _2ddc
_cBK
999 _c614080
_d614080